Paradise lost

Sparad:
Bibliografiska uppgifter
Huvudupphovsman: Milton, John
Materialtyp: Bok
Språk:Undetermined
Publicerad: New York The Modern Library 1969
Ämnen:
Taggar: Lägg till en tagg
Inga taggar, Lägg till första taggen!
Thư viện lưu trữ: Trung tâm Học liệu Trường Đại học Cần Thơ
LEADER 00519nam a2200193Ia 4500
001 CTU_125725
008 210402s9999 xx 000 0 und d
020 |c 13.75 
082 |a 821.4 
082 |b M662 
100 |a Milton, John 
245 0 |a Paradise lost 
245 0 |c John Milton ; Edited with an introduction by William G. Madsen 
260 |a New York 
260 |b The Modern Library 
260 |c 1969 
650 |a Fall of man 
904 |i Giang 
980 |a Trung tâm Học liệu Trường Đại học Cần Thơ